| 000 | 02137cam a22006494i 4500 | ||
|---|---|---|---|
| 003 | PE-LiUPU | ||
| 005 | 20250731170427.0 | ||
| 008 | 190705s2008 ag rb 000 0 spa d | ||
| 020 | _a9972604071 | ||
| 020 | _a9789972604072 | ||
| 035 | _a(Sirsi) a252248 | ||
| 040 |
_aPE-LiUPU _bspa _cPE-LiUPU _erda |
||
| 049 | _aPRUA | ||
| 082 | 0 | 4 |
_a152.4 _bM86 _221 |
| 100 | 1 |
_aMoreno, José Eduardo, _eautor. |
|
| 245 | 1 | 0 |
_aCASA, cuestionario de actitudes ante situaciones de agravio: _bmanual / _cJosé Eduardo Moreno y Mario Pereyra. |
| 250 | _a2a edición. | ||
| 264 | 1 |
_aLima : _bUniversidad Peruana Unión, Facultad de Educación y Ciencias Humanas, _c2004. |
|
| 300 |
_a152 páginas ; _c30 centímetros |
||
| 336 |
_atext _2rdacontent |
||
| 337 |
_aunmediated _2rdamedia |
||
| 338 |
_avolume _2rdacarrier |
||
| 500 | _aVersión actualizada. | ||
| 504 | _aBibliografía: páginas 149-152. | ||
| 505 | 0 | _aNoción de actitud -- Concepto de agresividad, violencia y destructividad -- construcción y validación de la casa -- Administración e interpretación -- Investigaciones -- versiones en otros idiomas -- Aplicaciones varias. | |
| 526 | _aSEG68 | ||
| 526 | _aSEG70 | ||
| 526 | _aSEG69 | ||
| 526 | _aSEG67 | ||
| 526 | _aSEG43 | ||
| 526 | _aP144 | ||
| 526 | _aP143 | ||
| 526 | _aP131 | ||
| 526 | _aP122 | ||
| 526 | _aP120 | ||
| 526 | _aP117 | ||
| 526 | _aP112 | ||
| 526 | _aP110 | ||
| 526 | _aP106 | ||
| 526 | _aP101 | ||
| 526 | _aP80 | ||
| 526 | _aP59 | ||
| 526 | _aP54 | ||
| 526 | _aP35 | ||
| 526 | _aP33 | ||
| 526 | _aP30 | ||
| 650 | 1 | 8 |
_aEmociones _xAspectos psicológicos. |
| 650 | 2 | 8 |
_aRelaciones humanas _xAspectos psicológicos. |
| 650 | 2 | 8 |
_aAgresividad _xPruebas. |
| 700 | 1 |
_aPereyra, Mario, _eautor. |
|
| 910 |
_adbm _bksl _cksl _d20190705 |
||
| 942 |
_2ddc _cBOOK |
||
| 994 |
_aC0 _bPEPRU |
||
| 596 | _a1 | ||
| 999 |
_a152.4 M86 _wDEWEY _c31486 _i80264 _f2021-11-30 _g3 _lCCODEBUL1 _mBUL _p38.98 _r0 _sY _tBOOK _u2019-7-5 _xEDUCACION _zUNKNOWN _0COMPRA _o.STAFF. Colección Ciencias Humanas y Educación _d31486 |
||
| 980 |
_81 _gALBERTO SANCHEZ Responsable de Automatización |
||